| Tag |
First Indicator |
Second Indicator |
Subfields |
| LEADER |
00000pam a22000004a 4500 |
| 001 |
in00002041908 |
| 005 |
20151101060625.0 |
| 008 |
041207s2005 nyu b 001 0 eng |
| 010 |
|
|
|a 2004065478
|
| 019 |
|
|
|a 224517944
|
| 020 |
|
|
|a 006073132X (acid-free paper)
|
| 020 |
|
|
|a 9780060731328 (acid-free paper)
|
| 035 |
|
|
|a (OCoLC)ocm57207630
|
| 040 |
|
|
|a DLC
|c DLC
|d YDX
|d UtOrBLW
|
| 042 |
|
|
|a pcc
|
| 049 |
|
|
|a TXAM
|
| 050 |
0 |
0 |
|a HB74.P8
|b L479 2005
|
| 082 |
0 |
0 |
|a 330
|2 22
|
| 100 |
1 |
|
|a Levitt, Steven D.
|
| 245 |
1 |
0 |
|a Freakonomics :
|b a rogue economist explores the hidden side of everything /
|c Steven D. Levitt and Stephen J. Dubner.
|
| 250 |
|
|
|a 1st ed.
|
| 264 |
|
1 |
|a New York :
|b William Morrow,
|c [2005]
|
| 264 |
|
4 |
|c ©2005
|
| 300 |
|
|
|a xii, 242 pages ;
|c 24 cm.
|
| 336 |
|
|
|a text
|b txt
|2 rdacontent
|
| 337 |
|
|
|a unmediated
|b n
|2 rdamedia
|
| 338 |
|
|
|a volume
|b nc
|2 rdacarrier
|
| 504 |
|
|
|a Includes bibliographical references (pages [309]-230) and index.
|
| 505 |
0 |
|
|a An explanatory note -- Introduction: the hidden side of everything -- What do schoolteachers and sumo wrestlers have in common? -- How is the Ku Klux Klan like a group of real-estate agents? -- Why do drug dealers still live with their moms? -- Where have all the criminals gone? -- What makes a perfect parent? -- Perfect parenting, Part II; or : would a Roshanda by any other name smell as sweet? -- Epilogue : two paths to Harvard.
|
| 520 |
|
|
|a Which is more dangerous, a gun or a swimming pool? What do schoolteachers and sumo wrestlers have in common? Why do drug dealers still live with their moms? How much do parents really matter? What kind of impact did Roe v. Wade have on violent crime? These may not sound like typical questions for an economist to ask--but Levitt is not a typical economist. He studies the stuff and riddles of everyday life--from cheating and crime to sports and child rearing--and his conclusions regularly turn the conventional wisdom on its head. The authors show that economics is, at root, the study of incentives--how people get what they want, or need, especially when other people want or need the same thing. In this book, they set out to explore the hidden side of everything. If morality represents how we would like the world to work, then economics represents how it actually does work.--From publisher description.
|
| 650 |
|
0 |
|a Economics
|x Psychological aspects.
|
| 650 |
|
0 |
|a Economics
|x Sociological aspects.
|
| 653 |
|
|
|a Economics
|
| 653 |
|
|
|a Sociology
|
| 653 |
|
|
|a Psychology
|
| 653 |
|
|
|a Overseas item
|
| 700 |
1 |
|
|a Dubner, Stephen J.
|
| 948 |
|
|
|a cataloged
|b h
|c 2005/4/18
|d c
|e ceaton
|f 3:46:08 pm
|
| 994 |
|
|
|a C0
|b TXA
|
| 999 |
|
|
|a MARS
|
| 999 |
f |
f |
|s c06399c5-adfd-3f14-a014-a346a47fedbf
|i 35165db2-0d0d-3078-9ddd-01a76e2d2256
|t 0
|
| 952 |
f |
f |
|p ric
|a Texas A&M University
|b Rellis Campus
|c Joint Library Facility
|s JLF
|d Remote Storage
|t 0
|e HB74.P8 L479 2005
|h Library of Congress classification
|i unmediated -- volume
|m A14832615040
|
| 952 |
f |
f |
|p normal
|a Texas A&M University
|b College Station
|c Sterling C. Evans Library
|s Evans stk
|d Evans: Library Stacks
|t 0
|e HB74.P8 L479 2005
|h Library of Congress classification
|i unmediated -- volume
|m A14832670969
|
| 998 |
f |
f |
|a HB74.P8 L479 2005
|t 0
|l Evans: Library Stacks
|
| 998 |
f |
f |
|a HB74.P8 L479 2005
|t 0
|l Remote Storage
|